000 00303nam a22001337a 4500
020 _a817920425-1
082 _a823
_bSHA/F
245 _aFAMOUSE FOLT TALES
260 _aDELHI
_bSHANITI PUBLICATION
300 _a24
520 _aENGLISH SHORT STORY
650 _aENGLISH SHORT STORY
_zDELHI
942 _cBK
999 _c5438
_d5438